000 01670nam0a22003131 4500
001 RU\NLR\A1SV\50501
005 20251203171251.9
035 _a(NLR Aleph) 009732506
090 _a9914779
_c9914779
100 _a19980616d1924 u y0rusy50 ca
101 0 _arus
102 _aRU
200 1 _a[Инструкция для производства землемерных работ при землеустройстве
_eУтв. Наркомземом РСФСР 13/III-22 года, в целях применения ее при внутрисел. землеустройстве в Оренбург. губ. КССР]
_eДополнения и разъяснения...
_f[Утв. 26/IY-1924 г.
210 _aОренбург]
_cОренполиграф
_d[1924]
215 _a66 с., 1 л. табл.
300 _aБез тит. л.
300 _aНа 1-й с. текста загл.: Дополнения и разъяснения к Инструкции...
514 1 _aДополнения разъяснения к Инструкции...
517 9 _aИнструкция для производства землемерных работ при землеустройстве
517 1 _aИнструкция для производства землемерных работ при землеустройстве
620 _dОренбург
712 0 2 _aНародный комиссариат земледелия
_bЦентральное управление землеустройства
801 0 _aRU
_bNLR
_c19980616
899 _aРНБ
_j87/1130
942 _cBOOK
980 _aNB
980 _aA1SV
980 _aA1SV